| 000 | 01312nam a2200349 i 4500 | ||
|---|---|---|---|
| 001 | 194992 | ||
| 003 | ES-MaREB | ||
| 005 | 20260216183918.0 | ||
| 007 | ta | ||
| 008 | 240523s2018 sp 001 0 spa d | ||
| 017 | _aBA-071-2018 | ||
| 035 | _aCRBE0000489665 | ||
| 035 | _aES-MaREB01657965-2 | ||
| 040 |
_abr-ex _bspa _cES-MaACL |
||
| 080 | _a726(460.251) | ||
| 100 | 1 |
_aRamos Rubio, José Antonio, _d1963- _9174430 |
|
| 245 | 1 | 3 |
_aLa Iglesia Parroquial de San Martín de Tours de Trujillo / _cJose Antonio Ramos Rubio. |
| 260 |
_aTrujillo : _bRestaurante Mesón Hostal "La cadena", _c2018. |
||
| 300 |
_a150 p. : _bfot. b y n ; _c24 cm. |
||
| 336 |
_2rdacontent _atexto |
||
| 337 |
_2rdamedia _asin mediación |
||
| 338 |
_2rdacarrier _avolumen |
||
| 500 | _aCatalogación provisional. Signatura: N 8669. Depósito J. | ||
| 610 | 2 | 0 |
_aIglesia de San Martín (Trujillo) _9236616 |
| 852 |
_aES-MaACL _bR.152988 _cDEPOJ _jN-8669 _hDonación: José Antonio Ramos Rubio _9202656 _zEn proceso |
||
| 903 |
_aRamos Rubio, José Antonio, _d1963- _9174430 |
||
| 942 |
_n0 _cMONOGRAFIA |
||
| 999 |
_c194992 _d194992 |
||